ESPN's Top 50 NBA Players of 2014-15 - Statistics

General Stats
  • This quiz has been taken 4,310 times
    4,290 since last reset
  • The average score is 24 of 50
Answer Stats
ESPN Rating Answer % Correct
43.4 LeBron James
100%
42.7 Stephen Curry
96%
41.8 Kevin Durant
94%
47.4 Russell Westbrook
89%
45.2 James Harden
83%
33.5 Kobe Bryant
80%
41.0 Chris Paul
78%
32.3 Klay Thompson
78%
32.1 Dwyane Wade
74%
30.8 Tim Duncan
74%
34.5 Kyrie Irving
73%
31.0 Kawhi Leonard
70%
45.5 Anthony Davis
69%
38.6 Blake Griffin
68%
36.0 Carmelo Anthony
65%
31.6 DeAndre Jordan
65%
32.6 Chris Bosh
61%
35.3 Damian Lillard
61%
30.4 Kevin Love
61%
33.5 Marc Gasol
61%
37.2 Pau Gasol
61%
43.6 DeMarcus Cousins
59%
29.7 Dwight Howard
59%
36.6 John Wall
56%
29.3 DeMar DeRozan
55%
33.5 Jimmy Butler
54%
32.3 Kyle Lowry
53%
38.3 LaMarcus Aldridge
49%
30.8 Al Horford
43%
31.5 Paul Millsap
40%
30.4 Andre Drummond
39%
28.4 Kemba Walker
37%
29.9 Jeff Teague
33%
29.5 Brook Lopez
32%
31.1 Gordon Hayward
31%
31.6 Eric Bledsoe
27%
30.4 Zach Randolph
25%
33.6 Rudy Gay
20%
30.1 Al Jefferson
19%
29.4 Jrue Holiday
19%
28.5 Victor Oladipo
19%
29.4 George Hill
17%
28.1 Monta Ellis
16%
35.7 Nikola Vucevic
16%
29.7 Derrick Favors
15%
28.6 Brandon Knight
13%
30.4 Greg Monroe
13%
31.6 Ty Lawson
10%
31.1 Tyreke Evans
10%
28.7 Darren Collison
3%
No matching quizzes found
Score Distribution
Percent of People with Each Score
Percentile by Number Answered
Your Score History
You have not taken this quiz since the last reset